Представление документа в формате MARC21

ПолеНазваниеЗначение
  Тип записи a
  Библиографический уровень m
001 Контрольный номер RU/URAIT/541638
003 Принадлежность контрольного номера https://urait.ru/bcode/541638
005 Дата корректировки 20240827112645.9
008 Кодируемые данные
020 Индекс ISBN __
a ISBN 978-5-534-09376-6
c Цена, тираж 1689.00
040 Источник каталогиз. __
a Служба первич. каталог. ИКО Юрайт
b Код языка каталог. rus
c Служба, преобразующая запись ИКО Юрайт
041 Код языка издания 0_
a Код языка текста rus
044 Код страны публикации __
a Код страны публикации RU
073 _1
a 9785534093766
d 1689.00
080 Индекс УДК __
a Индекс УДК 379.85(075.32)
084 Индекс другой классификации/Индекс ББК __
a Индекс другой классификации/Индекс ББК 75.81я723
2 Источник индекса rubbk
091 Индексы/ коды __
a Индекс ББК (DOS) 75.81я723
z rubbk
100 Автор 1_
a Автор Константинов Ю. С.
q Полное имя Юрий Сергеевич
230 __
a Электрон. дан.
245 Заглавие 00
a Заглавие Подготовка педагога дополнительного образования в избранной области деятельности: детско-юношеский туризм
b Продолж. заглавия учебное пособие
c Ответственность Ю. С. Константинов.
250 Сведения об издании __
a Основные сведения об издании 2-е изд.
b Дополнительные сведения об издании испр. и доп
260 Выходные данные 1_
a Место издания Москва
b Издательство Юрайт
c Дата издания 2024
300 Физическое описание __
a Объем 401 с
440 Серия _0
a Серия Профессиональное образование
500 Примечания __
a Примечание URL: https://urait.ru/bcode/541638 (дата обращения: 27.08.2024).
520 Аннотация __
a Аннотация В учебном пособии объединены вопросы педагогики детского туризма и техническая сторона туризма. В нем представлены формы туристско-краеведческой деятельности, даны сведения о безопасности при проведении туристских походов, подготовке туристских слетов и соревнований. Особое внимание уделено первой доврачебной помощи. Книга содержит большое количество иллюстраций, которые помогут студентам лучше усвоить материалы учебного пособия.
538 Прим. о системных особенностях __
a Прим. о системных особенностях Режим доступа: Электронно-библиотечная система Юрайт, для авториз. пользователей
653 Ключевые слова 2_
a Ключевые слова Туризм и гостеприимство
653 Ключевые слова 2_
a Ключевые слова Менеджмент
653 Ключевые слова 2_
a Ключевые слова Подготовка педагога дополнительного образования в избранной области деятельности
856 Электронный адрес документа 40
n Местонахождение сервера Юрайт
g Электронная книга
q Тип электронного формата html
h Имя пользователя ЮРАЙТ
v Часы доступа к ресурсу 20251231
2 Способ доступа Показать документ
x Служебное примечание https://urait.ru/book/cover/7FE2215E-0E07-4B7B-AB05-1F88E1CC4C8B
u URL https://urait.ru/bcode/541638
856 Электронный адрес документа 41
q Тип электронного формата cover
u URL https://urait.ru/book/cover/7FE2215E-0E07-4B7B-AB05-1F88E1CC4C8B